| 000 | 00969cam a22003011 4500 | ||
|---|---|---|---|
| 999 |
_c126581 _d126581 |
||
| 001 | 9810413 | ||
| 003 | ARRUPE | ||
| 005 | 20170808105911.0 | ||
| 008 | 720125s1957 enk 000 0 eng | ||
| 010 | _a 57004943 | ||
| 015 | _aGB57-9984 | ||
| 035 | _a(OCoLC)227919 | ||
| 040 |
_aDLC _cOKentU _dOCoLC _dTNJ _dUk _dDLC |
||
| 042 | _apremarc | ||
| 050 | 0 | 0 |
_aDT723 _b.W3 1957 |
| 082 | _a968 | ||
| 100 | 1 |
_aWalker, Eric A. _q(Eric Anderson), _d1886-1976. _99666 |
|
| 245 | 1 | 2 | _aA history of southern Africa. |
| 250 | _a[3d ed. | ||
| 260 |
_aLondon] _bLongmans _c[1957] |
||
| 300 |
_axxiv, 973 p. _bmaps _c22 cm. |
||
| 500 | _aPrevious editions published under title: a history of South Africa. | ||
| 504 | _aBibliography: p. [925]-945. | ||
| 651 | 0 |
_aSouth Africa _xHistory. _934611 |
|
| 651 | 0 |
_aSouth Africa _xPolitics and government. _934612 |
|
| 906 |
_a7 _bcbc _coclcrpl _du _encip _f19 _gy-gencatlg |
||
| 942 |
_2lcc _cMONOGRAPH |
||